| 000 | 00491nam a2200181Ia 4500 | ||
|---|---|---|---|
| 008 | 220216s9999 xx 000 0 und d | ||
| 100 | _aMydin K K | ||
| 245 | 0 | _aHeterosis for juvenile vigour in Hevea brasiliensis | |
| 260 |
_bIndian Journal of Natural Rubber Research _c1990 |
||
| 300 | _a69-72 | ||
| 650 | _aHeterosis | ||
| 650 | _aHeterosis | ||
| 650 | _aHevea brasiliensis | ||
| 650 | _aHevea brasiliensis | ||
| 700 | _aNazeer M A | ||
| 700 | _aSaraswathyamma C K | ||
| 942 | _cAR | ||
| 999 |
_c47026 _d47026 |
||